Telesur: la voz del sur para la integración /
Salvato in:
| Autore principale: | |
|---|---|
| Natura: | testo |
| Soggetti: | |
| Tags: |
Aggiungi Tag
Nessun Tag, puoi essere il primo ad aggiungerne!!
|
MARC
| LEADER | 00000 a a2200000 04500 | ||
|---|---|---|---|
| 001 | 44874 | ||
| 003 | |||
| 040 | |||
| 100 | |a Alvarez de las Flores, Raquel | ||
| 245 | |a Telesur: |b la voz del sur para la integración / |c Raquél Alvarez de las Flores | ||
| 650 | |a MEDIOS DE COMUNICACION | ||
| 650 | |a TELEVISION | ||
| 650 | |a ASPECTOS POLITICOS | ||
| 650 | |a INTEGRACION REGIONAL | ||
| 650 | |a PARTICIPACION POPULAR | ||
| 650 | |a IDENTIDAD CULTURA | ||
| 650 | |a AMERICA DEL SUR | ||
| 773 | |g páginas 211-224 | ||
| 999 | |c 22638 |d 22638 | ||
